000 00625nam a22002057a 4500
005 20250704151131.0
010 _aENG-145680
020 _c200.00
035 _aEN-129212
037 _bDBAD
082 _a617.05
100 _aBhuyan, Chaturbhuja
_982612
245 _aPiles & Fistulae
_cChaturbhuja Bhuyan
250 _a1
260 _aBhubaneshwar
_bIndian Proctology Society
_c2017
270 _bOdisha
_a156, Ananta Vihar, Phase-2, Pokhariput, Bhubaneshwar, Odisha, India
_e751020
_mindianproctologysociety.org
300 _a258 p.
_c21 cm(pb)
700 _982599
942 _2ddc
_cEN
_h617.05
_mBHU
999 _c212107
_d212107